Catálogo

El conocimiento sobrenatural / (Registro nro. 30803)

Detalles MARC
000 -LEADER
fixed length control field 01480cam a2200421 i 4500
001 - CONTROL NUMBER
control field 30803
003 - CONTROL NUMBER IDENTIFIER
control field Mx-PuUPA
005 - DATE AND TIME OF LATEST TRANSACTION
control field 20250716094346.0
008 - FIXED-LENGTH DATA ELEMENTS--GENERAL INFORMATION
fixed length control field 140415s2003 sp a gr 000 0 spa d
017 ## - COPYRIGHT OR LEGAL DEPOSIT NUMBER
Copyright or legal deposit number M-8.202-2003
020 ## - INTERNATIONAL STANDARD BOOK NUMBER
International Standard Book Number 8481645575
040 ## - CATALOGING SOURCE
Transcribing agency Mx
Original cataloging agency Mx-PuUPA
Language of cataloging spa
Modifying agency Mx-PuUPA
Description conventions rda
041 1# - LANGUAGE CODE
Language code of text/sound track or separate title spa
Language code of original fre
100 1# - MAIN ENTRY--PERSONAL NAME
Personal name Weil, Simone,
Dates associated with a name 1909-1943
Relator term autor
9 (RLIN) 17241
240 13 - UNIFORM TITLE
Uniform title La connaissance surnaturelle.
Language of a work Español
245 13 - TITLE STATEMENT
Title El conocimiento sobrenatural /
Statement of responsibility, etc. Simone Weil ; traducción de María Tabuyo y Agustín López
264 #1 - PRODUCTION, PUBLICATION, DISTRIBUTION, MANUFACTURE, AND COPYRIGHT NOTICE
Place of production, publication, distribution, manufacture Madrid :
Name of producer, publisher, distributor, manufacturer Editorial Trotta,
Date of production, publication, distribution, manufacture, or copyright notice 2003
300 ## - PHYSICAL DESCRIPTION
Extent 297 páginas :
Other physical details ilustraciones ;
Dimensions 23 cm
336 ## - CONTENT TYPE
Fuente rdacontent
Content type term texto
Content type code txt
337 ## - MEDIA TYPE
Source rdamedia
Media type term sin medio
Media type code n
338 ## - CARRIER TYPE
Source rdacarrier
Carrier type term volumen
Carrier type code nc
490 0# - SERIES STATEMENT
Series statement Colección Estructuras y Procesos
490 0# - SERIES STATEMENT
Series statement Religión
650 #7 - SUBJECT ADDED ENTRY--TOPICAL TERM
9 (RLIN) 13986
Source of heading or term armarc
Topical term or geographic name entry element Cristianismo
650 #7 - SUBJECT ADDED ENTRY--TOPICAL TERM
Source of heading or term armarc
Topical term or geographic name entry element Antropología teológica
General subdivision Cristianismo
650 #7 - SUBJECT ADDED ENTRY--TOPICAL TERM
Source of heading or term armarc
Topical term or geographic name entry element Religión
General subdivision Filosofía
650 #7 - SUBJECT ADDED ENTRY--TOPICAL TERM
Source of heading or term armarc
Topical term or geographic name entry element Teología
650 #7 - SUBJECT ADDED ENTRY--TOPICAL TERM
Source of heading or term armarc
Topical term or geographic name entry element Imagen de Dios
650 #7 - SUBJECT ADDED ENTRY--TOPICAL TERM
Source of heading or term armarc
Topical term or geographic name entry element Lo sobrenatural
700 1# - ADDED ENTRY--PERSONAL NAME
Personal name Tabuyo, María,
Relator term traductor
700 1# - ADDED ENTRY--PERSONAL NAME
Personal name López, Agustín,
Relator term traductor
765 0# - ORIGINAL LANGUAGE ENTRY
Main entry heading Weil, Simone, 1909-1943
Title La connaissance surnaturelle.
942 ## - ADDED ENTRY ELEMENTS (KOHA)
Source of classification or shelving scheme Dewey Decimal Classification
Koha item type Libro
Classification part 248.2
Item part W4518
Existencias
Withdrawn status Lost status Source of classification or shelving scheme Damaged status Not for loan Collection code Home library Current library Shelving location Date acquired Source of acquisition Total Checkouts Full call number Barcode Date last seen Price effective from Koha item type
    Dewey Decimal Classification     General Biblioteca Karol Wojtyla Biblioteca Karol Wojtyla Sala general 03/12/2013 Donación   248.2 W4518 2003 46306 05/01/2026 03/12/2013 Libro